ATEEZ Discography (Updated February 2026!) - Statistics

General Stats
  • This quiz has been taken 144 times
    8 since last reset
  • The average score is 118 of 173
Answer Stats
Song % Correct
Treasure EP.3 : One To All Dancing Like Butterfly Wings
100%
Treasure EP.2 : Zero To One Desire
100%
Treasure EP.2 : Zero To One Say My Name
100%
Treasure EP.1 : All To Zero Treasure
100%
Treasure EP.3 : One To All Wave
100%
Zero : Fever Epilogue Wave (Overture)
100%
Golden Hour : Part.4 Adrenaline
86%
Treasure Epilogue : Action To Answer Answer
86%
The World EP.Fin : Will Arriba
86%
Ashes to Light Ash
86%
The World EP.2 : Outlaw Bouncy (K-Hot Chilli Peppers)
86%
Golden Hour : Part.3 | Golden Hour : Part.3 'In Your Fantasy Edition Castle
86%
Zero : Fever Part.2 Celebrate
86%
The World EP.Fin : Will Crazy Form
86%
Golden Hour : Part.3 'In Your Fantasy Edition Creep
86%
The World EP.1 : Movement Cyberpunk
86%
The World EP.2 : Outlaw Dune
86%
The World EP.Fin : Will Everything
86%
Ashes to Light Face
86%
Digital Single 1 From (2018)
86%
Treasure EP.2 : Zero To One From (CD only)
86%
The World EP.1 : Movement Guerrilla
86%
Treasure EP.2 : Zero To One Hala Hala (Hearts Awakened, Live Alive)
86%
Spin Off : From The Witness Halazia
86%
Golden Hour : Part.2 Ice On My Teeth
86%
Treasure EP.3 : One To All Illusion
86%
Zero : Fever Part.1 Inception
86%
Golden Hour : Part.3 'In Your Fantasy Edition In Your Fantasy
86%
The World EP.Fin : Will It's You
86%
Golden Hour : Part.3 'In Your Fantasy Edition Legacy
86%
Golden Hour : Part.3 | Golden Hour : Part.3 'In Your Fantasy Edition Lemon Drop
86%
Golden Hour : Part.2 Man On Fire
86%
Golden Hour : Part.3 | Golden Hour : Part.3 'In Your Fantasy Edition Masterpiece
86%
The World EP.Fin : Will Matz
86%
Treasure EP.1 : All To Zero My Way
86%
Golden Hour : Part.4 NASA
86%
The World EP.1 : Movement New World
86%
Golden Hour : Part.3 'In Your Fantasy Edition NO1
86%
Golden Hour : Part.4 On The Road
86%
Treasure EP.1 : All To Zero Pirate King
86%
Treasure Epilogue : Action To Answer Precious
86%
Treasure EP.Fin : All To Action Precious (Overture)
86%
Treasure EP.2 : Zero To One Promise
86%
Golden Hour : Part.3 'In Your Fantasy Edition Roar
86%
Golden Hour : Part.3 'In Your Fantasy Edition Sagittarius
86%
The World EP.1 : Movement Sector 1
86%
Golden Hour : Part.3 'In Your Fantasy Edition Skin
86%
Golden Hour : Part.3 'In Your Fantasy Edition Slide to Me
86%
Treasure EP.1 : All To Zero Stay
86%
The World EP.2 : Outlaw This World
86%
Ashes to Light Tippy Toes
86%
Golden Hour : Part.3 'In Your Fantasy Edition To Be Your Light
86%
Treasure EP.1 : All To Zero Twilight
86%
The World EP.2 : Outlaw Wake Up
86%
The World EP.1 : Movement WDIG (Where Do I Go)
86%
Golden Hour : Part.1 Work
86%
The World EP.Fin : Will Youth
86%
Treasure EP.3 : One To All Aurora
71%
Fix Off Desire Project 1 (Mingi) Autobahn
71%
Treasure EP.Fin : All To Action Beginning of the End
71%
Zero : Fever Epilogue Be With You
71%
Golden Hour : Part.1 Blind
71%
Digital Single 2 | Golden Hour : Part.4 Choose
71%
Ashes to Light Crescendo
71%
Treasure EP.3 : One To All Crescent
71%
Treasure EP.Fin : All To Action Dazzling Light
71%
Golden Hour : Part.2 Deep Dive
71%
Zero : Fever Part.3 Deja Vu
71%
FIX OFF Desire Project: ORIGIN (Mingi) Dinero
71%
The World EP.2 : Outlaw Django
71%
The World EP.Fin : Will Emergency
71%
Golden Hour : Part.2 Enough
71%
Zero : Fever Part.3 Eternal Sunshine
71%
Zero : Fever Part.2 Fireworks (I'm The One)
71%
Golden Hour : Part.4 Ghost
71%
Golden Hour : Part.1 Golden Hour
71%
Zero : Fever Part.1 Good Lil Boy
71%
Treasure Epilogue : Action To Answer Horizon
71%
Treasure EP.Fin : All To Action If Without You
71%
Treasure EP.2 : Zero To One Light
71%
Golden Hour : Part.3 | Golden Hour : Part.3 'In Your Fantasy Edition Now This House Ain't a Home
71%
Zero : Fever Part.1 One Day At A Time
71%
The World EP.2 : Outlaw Outlaw
71%
The World EP.Paradigm Paradigm
71%
Zero : Fever Part.3 Rocky
71%
Golden Hour : Part.2 Selfish Waltz
71%
Golden Hour : Part.1 Shaboom
71%
The World EP.Fin : Will Silver Light
71%
Treasure Epilogue : Action To Answer Star 1117
71%
Zero : Fever Part.1 Thanxx
71%
Zero : Fever Part.2 The Leaders
71%
Zero : Fever Epilogue The Letter
71%
Zero : Fever Epilogue The Real (Heung Version)
71%
Zero : Fever Part.2 Time Of Love
71%
Zero : Fever Part.1 To The Beat
71%
Treasure EP.3 : One To All Utopia
71%
The World EP.Fin : Will We Know
71%
Treasure EP.Fin : All To Action Win
71%
Treasure EP.Fin : All To Action With U
71%
Treasure EP.Fin : All To Action Wonderland
71%
Ashes to Light 12 Midnight
57%
Lovely Runner OST (Jongho) A Day
57%
Collaboration (Pentatonix) A Little Space
57%
Zero : Fever Part.3 All About You
57%
Into the A to Z | Treasure EP. Map To Answer Better
57%
Ashes to Light | Japanese Single 4 Birthday
57%
Japanese Single 1 Blue Summer
57%
Golden Hour : Part.3 Bridge : The Edge Of Reality
57%
Golden Hour : Part.3 'In Your Fantasy Edition Bridge : The Edge of Reality
57%
The World EP.Fin : Will Crescent Part.2
57%
Ashes to Light | Japanese Single 3 Days
57%
Zero : Fever Part.1 Dear Diary : 2016.07.29
57%
Treasure EP. Map To Answer Declaration
57%
Digital Single 1 Don't Stop
57%
Japanese Single 1 Dreamers
57%
The World EP.Fin : Will Dreamy Day
57%
Golden Hour : Part.1 Empty Box
57%
Treasure EP.Fin : All To Action End of the Beginning
57%
Zero : Fever Part.3 Feeling Like I Do
57%
Zero : Fever Part.1 Fever
57%
The World EP.Fin : Will Fin : Will
57%
Ashes to Light | Japanese Single 4 Forevermore
57%
The World EP.Paradigm Intro : Siren
57%
Treasure EP.Fin : All To Action Mist
57%
Ashes to Light | Japanese Single 3 Not Okay
57%
Zero : Fever Part.3 Not Too Late
57%
FIX OFF Desire Project: ORIGIN (Mingi) NOVA
57%
The World EP.1 : Movement Propaganda
57%
Collaboration (BE:FIRST) 2 | Japanese Single 4 Royal
57%
Golden Hour : Part.2 Scene 1: Value
57%
Golden Hour : Part.1 Siren
57%
Into the A to Z Still Here
57%
Treasure EP.Fin : All To Action Sunrise
57%
Zero : Fever Part.2 Take Me Home
57%
Treasure EP.Fin : All To Action Thank U
57%
Season Songs The Black Cat Nero
57%
The World EP.1 : Movement The Ring
57%
Fix Off Desire Project 1 (Mingi) Tunnel
57%
Zero : Fever Epilogue Turbulence
57%
Season Songs White Love
57%
Young Actors' Retreat OST (Jongho) A Fairy Tale of Youth
43%
Season Songs Be My Lover (with Kim Jong Kook)
43%
EDEN_Stardust2 Vol.07 (Collab between EDEN, ATEEZ, Maddox and Eden-ary) Call Me Anytime
43%
Japanese Single 2 Diamond
43%
Reborn Rich OST (Jongho) Gravity
43%
Collaboration (BE:FIRST) 1 Hush-Hush
43%
Beyond : Zero Intro (Beyond : Zero)
43%
Treasure EP.1 : All To Zero Intro : Long Journey
43%
Mimicus OST Let's Get Together
43%
Japanese Single 2 Limitless
43%
Sealook 2 OST (Hongjoong, Seonghwa, Yunho & Wooyoung) Me Crazy
43%
Spin Off : From The Witness Outro : Blue Bird
43%
The World EP.Paradigm Outro : Liberty
43%
Treasure Epilogue : Action To Answer Outro : Long Journey
43%
Zero : Fever Epilogue Outro : Over the Horizon
43%
Beyond : Zero The King
43%
Our Blooming Youth OST (Jongho) Wind
43%
Back! Stage OST (Yunho) Spotlight
29%
Sealook 2 OST (Hongjoong, Seonghwa, Yunho & Wooyoung) Your Journey
14%
The Nice Guy OST (Jongho) Just like the first time
0%
7th X For Eagle Brothers (Yunho) On My Way to You
0%
Last Summer OST Waiting for You
0%
No matching quizzes found
Score Distribution
Percent of People with Each Score
Percentile by Number Answered
Your Score History
You have not taken this quiz since the last reset